Taylor Swift Daylight Lyrics - Statistics

General Stats
  • This quiz has been taken 1,905 times
  • The average score is 384 of 478
Answer Stats
Answer % Correct
i
99%
a
98%
daylight
96%
in
96%
love
95%
see
95%
you
95%
be
94%
go
94%
my
94%
the
94%
and
93%
but
92%
of
92%
it
90%
now
90%
that
88%
was
88%
as
86%
don't
86%
it's
86%
look
86%
only
86%
so
85%
wanna
85%
by
84%
cruel
83%
lived
83%
saw
83%
think
83%
at
82%
anything
81%
cities
81%
else
81%
every
81%
night
81%
thought
81%
can
80%
dark
78%
golden
78%
i've
78%
never
78%
all
77%
light
77%
to
76%
been
75%
are
74%
good
74%
twenty
74%
everyone
73%
long
73%
sleeping
73%
looked
72%
worse
72%
year
72%
would
71%
many
70%
me
70%
RED
70%
still
69%
there
69%
once
68%
believe
67%
burning
67%
black
66%
goodbye
66%
i'll
65%
tell
65%
truth
65%
white
65%
joke
64%
mind
64%
like
63%
unforgiven
63%
head
62%
this
62%
your
62%
became
61%
crossed
61%
lines
61%
down
60%
things
60%
wicked
60%
believed
59%
maybe
59%
town
59%
trusted
59%
settle
58%
with
58%
back
57%
butt
57%
smoke
57%
unlucky
57%
away
56%
new
55%
air
54%
breathed
54%
brighter
54%
out
54%
ran
54%
room
54%
wolves
54%
from
53%
york
53%
forth
52%
i'm
52%
refused
52%
single
52%
bed
51%
draw
51%
same
51%
will
51%
intertwined
50%
stormed
49%
wounded
48%
luck
47%
morning
47%
draws
46%
clearing
45%
because
44%
our
44%
daggers
43%
just
42%
not
41%
sneaking
41%
let
37%
awake
34%
defined
34%
hate
34%
what
34%
cloaks
33%
threw
33%
wide
33%
afraid
31%
oh
30%
into
28%
step
27%
middle
24%
haunt
20%
gotta
19%
No matching quizzes found
Score Distribution
Percent of People with Each Score
Percentile by Number Answered
Your Score History
You have not taken this quiz